| 000 | 01258nam a2200361 a 4500 | ||
|---|---|---|---|
| 003 | AR-BaBNM | ||
| 005 | 20251128204302.0 | ||
| 008 | 082120s2002 ||||||||||||||000 | spa|| | ||
| 020 | _a84-7432-013-5 | ||
| 040 | _cAR-BaBNM | ||
| 100 | 1 | _aLapassade, Georges | |
| 245 | 0 | 0 |
_aAutogestión pedagógica ¿ Es posible una educación en libertad ? _bun sistema en el cual los educandos deciden en qué consiste su formación y la dirigen |
| 250 | _a1ª ed. | ||
| 260 |
_aBarcelona _bGedisa _c1977 |
||
| 300 | _a306 p. | ||
| 490 | 0 |
_aHombre y sociedad. Renovación pedagógica _vv. 11 |
|
| 500 | _aEl libro trabaja la noción de "autogestión pedagógica", que fue hecha pública durante un coloquio sobre El psicosociólogo en la Ciudad, Francia, 1962. | ||
| 504 | _aContiene bibliografía en notas a pie de página | ||
| 600 | 1 | 4 | _aLorau, René |
| 600 | 1 | 4 | _aFonvieville, Raymond |
| 600 | 1 | 4 | _aLobrot, Michel |
| 600 | 1 | 4 | _aGuigou, Marc |
| 650 | 4 | _aAUTOGESTION | |
| 650 | 4 | _aEDUCACION OBRERA | |
| 650 | 4 | _aCRISIS DE LA EDUCACION | |
| 650 | 4 | _aRELACION ALUMNO-DOCENTE | |
| 651 | 4 | _aFrancia | |
| 653 | _aINSTITUCIONES EDUCATIVAS | ||
| 653 | _aEDUCACION SECUNDARIA | ||
| 653 | _aINNOVACIONES EDUCATIVAS | ||
| 942 | _cBK | ||
| 998 | _csilvi | ||
| 999 |
_c6865 _d6865 |
||